02366nlm0 22002531i 450 001001300000010001600013100003900029101000600068102000600074105001600080135001600096200021200112210004100324215000900365230002300374301001600397305005900413330119300472336007501665700005201740856009301792856011701885856011002002HARMA 223640a9782336603315a20260501d2026 u y0frea0103 baafreafrea z 001z adrun nnnauauaaL’interculturalité et l’hétérolinguisme dans les œuvres romanesques de Paul Lomami-Tshibamba et d’Henri Lopesb[Ressource électronique]fArlette Kifungwasi Kufwanda, Lieven D’hulstaPariscEditions L'Harmattand2026a330 p.a[Données textuelles]a9782336603308aVersion électronique de l'édition papier : 9782336603308aCette étude comparative analyse la dynamique littéraire des échanges interculturels dans les œuvres romanesques de Paul Lomami-Tshibamba et d’Henri Lopes, originaires des deux Congo. Elle examine, dans une perspective sociolinguistique, les traces des cultures locales dans la narration, notamment la toponymie référentielle, et, plus généralement, l’usage que font les écrivains francophones africains des langues locales au sein de la langue française. <br>L’étude s’intéresse aux phénomènes linguistiques perceptibles dans la morphologie lexicale et les structures syntaxiques, considérés comme des marqueurs de l’hétérolinguisme et de l’interculturalité. Elle aborde également, de manière plus globale, l’écriture des deux auteurs, en particulier les registres de langue et la question de l’oralité. D’un point de vue narratologique, elle analyse la diversité des narrateurs et des points de vue, avant d’examiner certains personnages parmi les plus significatifs. Deux oeuvres essentielles, représentant deux générations littéraires issues d’un même espace culturel, apparaissent ainsi dans leur spécificité.aType de ressource électronique : données textuelles et iconographiquesaArlette Kifungwasi Kufwanda, Lieven D’hulst40uhttps://www.editions-harmattan.fr/catalogue/couv/9782336603308r.jpg2Image de couverture40uhttps://www.harmatheque.com/downloadebook/9782336603308zAccès après authentification2Télécharger au format PDF40uhttps://www.harmatheque.com/readebook/9782336603308zAccès après authentification2Lire ce livre en ligne